[Event "BCF-chT3 1011 (4NCL)"]
[Site "England"]
[Date "2011.03.27"]
[Round "8.39"]
[White "Jeffries, Majid"]
[Black "Crombleholme, Alan K"]
[Result "0-1"]
[WhiteElo "2009"]
[BlackElo "2109"]
[PlyCount "79"]
[EventDate "2010.11.06"]
[EventType "team-swiss"]
[EventRounds "9"]
[EventCountry "ENG"]
[SourceTitle "EXT 2012"]
[Source "ChessBase"]
[SourceDate "2011.11.24"]
[SourceVersion "1"]
[SourceVersionDate "2011.11.24"]
[SourceQuality "1"]
[WhiteTeam "AMCA Rhinos"]
[BlackTeam "Iceni"]
[WhiteTeamCountry "ENG"]
[BlackTeamCountry "ENG"]

1. Nf3 d5 2. b3 Nf6 3. Bb2 Bf5 4. e3 Nbd7 5. c4 e6 6. Nc3 Be7 7. cxd5 exd5 8. d4 0-0 9. Be2 h6 10. 0-0 c6 11. a4 a5 12. h3 Re8 13. Bd3 Ne4 14. Qc2 Bb4 15. Ne2 Qf6 16. Ne5 Nxe5 17. dxe5 Qg5 18. Kh2 Be6 19. Bxe4 dxe4 20. Qxe4 Bxb3 21. f4 Qd8 22. Nd4 Qd5 23. Qf5 g6 24. Qg4 Bc4 25. Rf2 Qe4 26. Qf3 Qxf3 27. gxf3 c5 28. Nc2 Bb3 29. Rg1 Kh7 30. e4 Rad8 31. Nxb4 axb4 32. f5 c4 33. e6 c3 34. exf7 Bxf7 35. fxg6+ Bxg6 36. Bc1 b3 37. Rfg2 Rg8 38. Ba3 Bh5 39. Be7 Rxg2+ 40. Rxg2 0-1

[Event "BCF-chT3 1011 (4NCL)"]
[Site "England"]
[Date "2011.01.15"]
[Round "3.36"]
[White "Williamson, Kevin J"]
[Black "Jeffries, Majid"]
[Result "1-0"]
[WhiteElo "2065"]
[BlackElo "2009"]
[PlyCount "59"]
[EventDate "2010.11.06"]
[EventType "team-swiss"]
[EventRounds "9"]
[EventCountry "ENG"]
[SourceTitle "EXT 2012"]
[Source "ChessBase"]
[SourceDate "2011.11.24"]
[SourceVersion "1"]
[SourceVersionDate "2011.11.24"]
[SourceQuality "1"]
[WhiteTeam "FCA Solutions"]
[BlackTeam "AMCA Rhinos"]
[WhiteTeamCountry "ENG"]
[BlackTeamCountry "ENG"]

1. d4 Nf6 2. Nc3 d5 3. Bg5 Nbd7 4. e3 g6 5. Bd3 Bg7 6. f4 b6 7. Nf3 Bb7 8. 0-0 0-0 9. Ne5 Ne4 10. Nxe4 Nxe5 11. fxe5 dxe4 12. Bc4 Qd7 13. Rxf7 Rxf7 14. e6 Qd6 15. exf7+ Kf8 16. c3 c5 17. Qe2 cxd4 18. cxd4 Rc8 19. Bb3 Qd7 20. Rf1 Bc6 21. Rc1 Qf5 22. Bh4 Rc7 23. Qf2 Qd7 24. Qf4 Rc8 25. Bg5 Bb5 26. Rxc8+ Qxc8 27. Qxe4 e5 28. Kf2 h6 29. Qxg6 exd4 30. Qd6# 1-0

[Event "BCF-chT3 0910 (4NCL)"]
[Site "England"]
[Date "2010.03.27"]
[Round "7.1"]
[White "Jeffries, Majid"]
[Black "Davies, Matthew"]
[Result "1-0"]
[WhiteElo "1995"]
[BlackElo "1956"]
[PlyCount "118"]
[EventDate "2009.10.24"]
[EventType "team-tourn"]
[EventRounds "11"]
[EventCountry "ENG"]
[SourceTitle "EXT 2011"]
[Source "ChessBase"]
[SourceDate "2010.11.26"]
[SourceVersion "1"]
[SourceVersionDate "2010.11.26"]
[SourceQuality "1"]
[WhiteTeam "AMCA Hippos"]
[BlackTeam "Beauty and the Beasts"]
[WhiteTeamCountry "ENG"]
[BlackTeamCountry "ENG"]

1. f4 d5 2. Nf3 Nf6 3. e3 g6 4. b3 Bg7 5. Bb2 c5 6. Bb5+ Bd7 7. Be2 0-0 8. 0-0 Nc6 9. d3 b6 10. Ne5 Ne8 11. Bf3 e6 12. Nd2 Qc7 13. d4 Nd6 14. Qe2 Rae8 15. a4 f6 16. Nxd7 Qxd7 17. dxc5 bxc5 18. Ba3 Nb4 19. Rfc1 Nb7 20. c3 Nc6 21. Qd3 Rd8 22. Rd1 Qc7 23. Qb5 Rfe8 24. g3 Rb8 25. Qd3 Rbd8 26. Rac1 Bf8 27. Bb2 Qb6 28. Rb1 Nba5 29. Ba1 Bg7 30. Kg2 Nb7 31. h4 Nd6 32. h5 f5 33. hxg6 hxg6 34. Rh1 Ne4 35. Rhd1 Kf7 36. Nf1 Qc7 37. Bxe4 fxe4 38. Qe2 Rh8 39. Nh2 Rdg8 40. Rf1 Rh7 41. Ng4 Ke7 42. Bb2 Kd8 43. c4 Bxb2 44. cxd5 exd5 45. Qxb2 Qd7 46. f5 Rgh8 47. Qf6+ Ne7 48. fxg6 Rh2+ 49. Nxh2 Qh3+ 50. Kf2 Qxh2+ 51. Ke1 Qxg3+ 52. Qf2 Qxg6 53. Qf4 Qb6 54. Qe5 Rg8 55. Rf7 Re8 56. Rc1 c4 57. Kf2 Qb4 58. Rd1 Qc5 59. Rxe7 Rxe7 1-0

[Event "Uxbridge op"]
[Site "Uxbridge"]
[Date "2009.09.20"]
[Round "4"]
[White "Purton, Benjamin"]
[Black "Jeffries, Majid"]
[Result "1-0"]
[WhiteElo "2144"]
[BlackElo "2001"]
[PlyCount "45"]
[EventDate "2009.09.18"]
[EventType "swiss"]
[EventRounds "5"]
[EventCountry "ENG"]
[SourceTitle "CBM 132 Extra"]
[Source "ChessBase"]
[SourceDate "2009.11.03"]
[SourceVersion "1"]
[SourceVersionDate "2009.11.03"]
[SourceQuality "1"]

1. e4 Nc6 2. Nf3 e6 3. d4 d5 4. Nbd2 Nge7 5. Be2 dxe4 6. Nxe4 Nf5 7. c3 Qd5 8. Bd3 Be7 9. Bf4 Qd8 10. Qe2 h6 11. 0-0-0 g5 12. Bd2 a6 13. g4 Nd6 14. Kb1 Nxe4 15. Bxe4 Rb8 16. c4 Na7 17. d5 Qd6 18. Bc3 0-0 19. h4 gxh4 20. Qe3 exd5 21. Rxd5 Qb6 22. c5 Qe6 23. Re5 1-0

[Event "BCF-chT3 0809 (4NCL)"]
[Site "Hinckley Island"]
[Date "2009.05.03"]
[Round "10.4"]
[White "Jeffries, Majid"]
[Black "Hewitt, Sean"]
[Result "0-1"]
[WhiteElo "2001"]
[BlackElo "1955"]
[PlyCount "80"]
[EventDate "2008.10.18"]
[EventType "team-swiss"]
[EventRounds "11"]
[EventCountry "ENG"]
[SourceTitle "EXT 2010"]
[Source "ChessBase"]
[SourceDate "2010.11.25"]
[SourceVersion "1"]
[SourceVersionDate "2010.11.25"]
[SourceQuality "1"]
[WhiteTeam "Oxford III"]
[BlackTeam "Leicester II"]
[WhiteTeamCountry "ENG"]
[BlackTeamCountry "ENG"]

1. Nf3 g6 2. c4 Bg7 3. Nc3 c5 4. g3 Nc6 5. Bg2 e6 6. Ne4 d6 7. 0-0 Nge7 8. d3 b6 9. Rb1 Rb8 10. Bf4 e5 11. Bg5 0-0 12. Nf6+ Kh8 13. Nd5 f6 14. Nxe7 Nxe7 15. Bd2 d5 16. cxd5 Nxd5 17. Qa4 Be6 18. a3 Rf7 19. b4 b5 20. Qd1 cxb4 21. axb4 Rc7 22. e4 Nc3 23. Bxc3 Rxc3 24. d4 Bc4 25. Re1 Rd3 26. Qc1 exd4 27. Qf4 Rb6 28. e5 Qf8 29. Bf1 Bh6 30. Qe4 f5 31. Qxd3 Bxd3 32. Bxd3 Qe7 33. Nxd4 Bd2 34. Re2 Bxb4 35. Bxb5 Bc3 36. Nc6 Qc5 37. Nxa7 Bxe5 38. Rbe1 Bd4 39. Bd3 Rb3 40. Bc2 Rc3 0-1

[Event "BCF-chT3 0809 (4NCL)"]
[Site "Hinckley Island"]
[Date "2009.05.02"]
[Round "9.2"]
[White "Gedvilas, Arunas"]
[Black "Jeffries, Majid"]
[Result "1-0"]
[WhiteElo "1950"]
[BlackElo "1997"]
[PlyCount "61"]
[EventDate "2008.10.18"]
[EventType "team-swiss"]
[EventRounds "11"]
[EventCountry "ENG"]
[SourceTitle "EXT 2010"]
[Source "ChessBase"]
[SourceDate "2010.11.25"]
[SourceVersion "1"]
[SourceVersionDate "2010.11.25"]
[SourceQuality "1"]
[WhiteTeam "Slough Sharks"]
[BlackTeam "Oxford III"]
[WhiteTeamCountry "ENG"]
[BlackTeamCountry "ENG"]

1. e4 c5 2. Nf3 Nc6 3. d4 cxd4 4. Nxd4 Nf6 5. Nc3 d6 6. Be2 e6 7. Be3 a6 8. Qd2 Bd7 9. f4 Qc7 10. g4 Nxd4 11. Bxd4 Bc6 12. Bxf6 gxf6 13. f5 0-0-0 14. 0-0-0 h5 15. Kb1 hxg4 16. Bxg4 Bh6 17. Qf2 e5 18. Nd5 Bxd5 19. Rxd5 Kd7 20. Rhd1 Ke7 21. R1d3 Rd7 22. Rc3 Qd8 23. Qe2 Bf4 24. h3 Qb6 25. a3 Bg5 26. Qc4 Qg1+ 27. Ka2 Rb8 28. Rxd6 Rxd6 29. Qc7+ Rd7 30. Qxb8 Qb6 31. Rc8 1-0

[Event "BCF-chT4 0708 (4NCL)"]
[Site "England"]
[Date "2008.05.05"]
[Round "11.1"]
[White "Jeffries, Majid"]
[Black "Mansson, James C"]
[Result "1/2-1/2"]
[WhiteElo "2023"]
[BlackElo "2172"]
[PlyCount "72"]
[EventDate "2007.09.15"]
[EventType "team-swiss"]
[EventRounds "11"]
[EventCountry "ENG"]
[SourceTitle "EXT 2009"]
[Source "ChessBase"]
[SourceDate "2008.11.26"]
[SourceVersion "1"]
[SourceVersionDate "2008.11.26"]
[SourceQuality "1"]
[WhiteTeam "Oxford III"]
[BlackTeam "Littlehorpe"]
[WhiteTeamCountry "ENG"]
[BlackTeamCountry "ENG"]

1. Nf3 c5 2. c4 Nc6 3. Nc3 Nd4 4. e3 Nxf3+ 5. Qxf3 Nf6 6. g3 g6 7. Bg2 Bg7 8. 0-0 0-0 9. b3 Rb8 10. Bb2 a6 11. d4 d6 12. Qe2 cxd4 13. exd4 Bg4 14. f3 Bd7 15. Rfe1 Re8 16. Qf2 b5 17. c5 dxc5 18. dxc5 b4 19. Ne4 Nxe4 20. Rxe4 Bxb2 21. Qxb2 Bc6 22. Re2 Bb5 23. Re4 a5 24. Rc1 Bc6 25. Rd4 Qc7 26. Qd2 Qb7 27. f4 Rbc8 28. h3 Bxg2 29. Qxg2 Qxg2+ 30. Kxg2 Rc6 31. Kf3 Rec8 32. Ke4 Kg7 33. Rdc4 Kf6 34. g4 Re6+ 35. Kd3 Rec6 36. Ke4 Re6+ 1/2-1/2

[Event "BCF-chT4 0708 (4NCL)"]
[Site "England"]
[Date "2007.10.28"]
[Round "2.3"]
[White "Jeffries, Majid"]
[Black "Stimpson, Philip M"]
[Result "1/2-1/2"]
[WhiteElo "2012"]
[BlackElo "2090"]
[PlyCount "45"]
[EventDate "2007.09.15"]
[EventType "team-swiss"]
[EventRounds "11"]
[EventCountry "ENG"]
[SourceTitle "EXT 2009"]
[Source "ChessBase"]
[SourceDate "2008.11.26"]
[SourceVersion "1"]
[SourceVersionDate "2008.11.26"]
[SourceQuality "1"]
[WhiteTeam "Oxford III"]
[BlackTeam "Guildford IV"]
[WhiteTeamCountry "ENG"]
[BlackTeamCountry "ENG"]

1. Nf3 d5 2. d4 e6 3. c4 c6 4. e3 Nf6 5. Nc3 Nbd7 6. Qc2 Bd6 7. b3 0-0 8. Bb2 b6 9. Bd3 Bb7 10. 0-0 e5 11. dxe5 Nxe5 12. Nxe5 Bxe5 13. cxd5 cxd5 14. f4 Bd6 15. Nb5 Bc5 16. Bd4 a6 17. Nc3 Bxd4 18. exd4 Ne4 19. Rad1 f5 20. Bxe4 fxe4 21. Qd2 Rc8 22. Rc1 Qd6 23. Na4 1/2-1/2

[Event "BCF-chT4 0607 (4NCL)"]
[Site "Sunningdale"]
[Date "2007.05.28"]
[Round "11.76"]
[White "Cooke, Charlie"]
[Black "Jeffries, Majid"]
[Result "0-1"]
[WhiteElo "1945"]
[BlackElo "2012"]
[PlyCount "96"]
[EventDate "2006.09.16"]
[EventType "team"]
[EventRounds "11"]
[EventCountry "ENG"]
[SourceTitle "EXT 2008"]
[Source "ChessBase"]
[SourceDate "2007.11.25"]
[SourceVersion "1"]
[SourceVersionDate "2007.11.25"]
[SourceQuality "1"]
[WhiteTeam "Metropolitan"]
[BlackTeam "Poisoned Pawns II"]
[WhiteTeamCountry "ENG"]
[BlackTeamCountry "ENG"]

1. d4 Nf6 2. c4 c5 3. d5 e5 4. Nc3 d6 5. e4 Be7 6. Bd3 Nbd7 7. Nge2 0-0 8. 0-0 Ne8 9. f4 exf4 10. Bxf4 Bf6 11. b3 Ne5 12. Bc2 a6 13. Rc1 Bd7 14. a4 Rb8 15. Bd3 Ng6 16. Bg3 Bg5 17. Nf4 Ne5 18. Bc2 g6 19. Qe1 Ng7 20. Rd1 Bg4 21. Rb1 Re8 22. Qf2 Rf8 23. Rbe1 Bf6 24. h3 Bd7 25. Re2 Nxc4 26. bxc4 Bxc3 27. Kh1 Bd4 28. Qe1 b5 29. axb5 axb5 30. Bd3 g5 31. cxb5 gxf4 32. Bxf4 Bxb5 33. Bxb5 Rxb5 34. Qg3 Qf6 35. Rd1 Rb6 36. e5 dxe5 37. Bxe5 Bxe5 38. Rxe5 Kh8 39. Rd3 Rb1+ 40. Kh2 Qf1 41. Qe3 Nf5 42. Rxf5 Qxf5 43. d6 c4 44. Rd4 Rb3 45. Qe7 Rg8 46. d7 Rxh3+ 47. Kg1 Rxg2+ 48. Kxg2 Qf3+ 0-1

[Event "GBR-ch op"]
[Site "Swansea"]
[Date "2006.08.17"]
[Round "10.58"]
[White "Davies, Carl"]
[Black "Jeffries, Majid"]
[Result "1-0"]
[WhiteElo "1827"]
[BlackElo "2022"]
[PlyCount "59"]
[EventDate "2006.08.06"]
[EventType "swiss"]
[EventRounds "11"]
[EventCountry "WLS"]
[SourceTitle "CBM 113 Extra"]
[Source "ChessBase"]
[SourceDate "2006.09.14"]
[SourceVersion "1"]
[SourceVersionDate "2006.09.14"]
[SourceQuality "1"]

1. c4 e5 2. g3 Nc6 3. Bg2 g6 4. Nc3 Bg7 5. e4 d6 6. Nge2 Nd4 7. Nxd4 exd4 8. Ne2 Ne7 9. d3 0-0 10. 0-0 Rb8 11. b4 b5 12. cxb5 Rxb5 13. Qa4 Bd7 14. a3 a5 15. Qb3 c5 16. Bd2 axb4 17. axb4 Nc6 18. Ra4 Qb8 19. Rb1 Be6 20. Qa3 Rc8 21. Nf4 Bf8 22. Nxe6 fxe6 23. Bh3 Re8 24. Qb3 Kf7 25. Rba1 cxb4 26. Ra8 Qb7 27. Rxe8 Kxe8 28. Qxe6+ Qe7 29. Ra8+ Nd8 30. Rxd8+ 1-0

[Event "GBR-ch op"]
[Site "Swansea"]
[Date "2006.08.10"]
[Round "4.54"]
[White "Jeffries, Majid"]
[Black "Longson, Sarah N"]
[Result "1-0"]
[WhiteElo "2022"]
[BlackElo "1943"]
[PlyCount "57"]
[EventDate "2006.08.06"]
[EventType "swiss"]
[EventRounds "11"]
[EventCountry "WLS"]
[SourceTitle "CBM 113 Extra"]
[Source "ChessBase"]
[SourceDate "2006.09.14"]
[SourceVersion "1"]
[SourceVersionDate "2006.09.14"]
[SourceQuality "1"]

1. d4 Nf6 2. c4 g6 3. Nc3 d5 4. Nf3 Bg7 5. Qb3 dxc4 6. Qxc4 0-0 7. e4 c6 8. a4 Be6 9. Qd3 Na6 10. Be3 Bb3 11. Nb1 Qa5+ 12. Bd2 Qb6 13. a5 Qb5 14. Qe3 Ng4 15. Qc3 Qc5 16. dxc5 Bxc3 17. Bxc3 Nxc5 18. Nbd2 Bc2 19. Nd4 Bd3 20. h3 Nf6 21. Bxd3 Nxd3+ 22. Ke2 Nf4+ 23. Kf3 Nd3 24. Ke3 Nc5 25. b4 Ncd7 26. f4 Rfe8 27. N4f3 Rad8 28. Nc4 a6 29. Bd4 1-0

[Event "GBR-ch op"]
[Site "Swansea"]
[Date "2006.08.08"]
[Round "2.42"]
[White "Jeffries, Majid"]
[Black "Harman, Kenneth B"]
[Result "1/2-1/2"]
[WhiteElo "2022"]
[BlackElo "2231"]
[PlyCount "47"]
[EventDate "2006.08.06"]
[EventType "swiss"]
[EventRounds "11"]
[EventCountry "WLS"]
[SourceTitle "CBM 113 Extra"]
[Source "ChessBase"]
[SourceDate "2006.09.14"]
[SourceVersion "1"]
[SourceVersionDate "2006.09.14"]
[SourceQuality "1"]

1. d4 Nf6 2. c4 g6 3. Nc3 Bg7 4. e4 0-0 5. Nf3 c5 6. d5 d6 7. Be2 e5 8. Bg5 h6 9. Bxf6 Bxf6 10. Qd3 a6 11. 0-0 Bg7 12. a3 f5 13. Nd2 Nd7 14. Rab1 f4 15. Bg4 Nf6 16. Bxc8 Rxc8 17. b4 b6 18. Rb2 g5 19. Rfb1 g4 20. f3 h5 21. bxc5 bxc5 22. Rb6 Ra8 23. Rb7 Nh7 24. Qe2 1/2-1/2

[Event "BCF-chT3 0506 (4NCL)"]
[Site "Birmingham"]
[Date "2006.05.01"]
[Round "11.6"]
[White "Jeffries, Majid"]
[Black "Freeman, Richard"]
[Result "1-0"]
[WhiteElo "2026"]
[BlackElo "2088"]
[PlyCount "131"]
[EventDate "2005.10.22"]
[EventType "team"]
[EventRounds "11"]
[EventCountry "ENG"]
[SourceTitle "EXT 2007"]
[Source "ChessBase"]
[SourceDate "2006.11.23"]
[SourceVersion "1"]
[SourceVersionDate "2006.11.23"]
[SourceQuality "1"]
[WhiteTeam "Poisoned Pawns II"]
[BlackTeam "FCA Solutions"]
[WhiteTeamCountry "ENG"]
[BlackTeamCountry "ENG"]

1. d4 g6 2. c4 Bg7 3. Nc3 d6 4. e4 e5 5. d5 Nh6 6. Be2 0-0 7. Nf3 f5 8. Bg5 Qe8 9. Qc2 Nf7 10. Bd2 Na6 11. a3 f4 12. 0-0-0 Bd7 13. Ne1 Nc5 14. Nd3 Nxd3+ 15. Qxd3 a6 16. g3 Rb8 17. Kb1 b5 18. cxb5 axb5 19. b4 Ra8 20. Kb2 Qb8 21. f3 Qa7 22. Ra1 Rfb8 23. g4 Rb6 24. h4 Ra6 25. a4 Qd4 26. Kc2 Qxb4 27. Rab1 Qc5 28. axb5 Ra2+ 29. Rb2 Rxb2+ 30. Kxb2 Rb8 31. Qc4 Qxc4 32. Bxc4 c6 33. dxc6 Bxc6 34. Kc2 Bb7 35. Rd1 Bf6 36. Be1 Be7 37. Bf2 Kf8 38. b6 Bc6 39. Ra1 Nd8 40. Ra7 Nb7 41. Nd5 Bxd5 42. Bxd5 Nc5 43. g5 Ke8 44. Bc6+ Kf8 45. b7 Bd8 46. Ra8 Bc7 47. Bxc5 dxc5 48. Kc3 Ke7 49. Kc4 Bd6 50. Bd5 Kd7 51. Kb5 Kc7 52. Rxb8 Kxb8 53. Kc6 Bc7 54. Kxc5 Ba5 55. Kd6 Be1 56. Kxe5 Bxh4 57. Kxf4 Be1 58. Ke5 Bc3+ 59. Ke6 Bd2 60. Kf6 h6 61. gxh6 Bxh6 62. Kxg6 Be3 63. e5 Kc7 64. Kf5 Ba7 65. f4 Kd7 66. Kf6 1-0

[Event "BCF-chT4a 0405 (4NCL)"]
[Site "Telford"]
[Date "2005.05.29"]
[Round "10.4"]
[White "Cooksey, Shane"]
[Black "Jeffries, Majid"]
[Result "0-1"]
[WhiteElo "1720"]
[BlackElo "2019"]
[PlyCount "108"]
[EventDate "2004.11.06"]
[EventType "team"]
[EventRounds "11"]
[EventCountry "ENG"]
[SourceTitle "EXT 2006"]
[Source "ChessBase"]
[SourceDate "2005.11.24"]
[SourceVersion "1"]
[SourceVersionDate "2005.11.24"]
[SourceQuality "1"]
[WhiteTeam "The ADS"]
[BlackTeam "Slough Sharks IV"]
[WhiteTeamCountry "ENG"]
[BlackTeamCountry "ENG"]

1. d4 Nf6 2. c4 e6 3. g3 d5 4. c5 Be7 5. Bg2 b6 6. b4 a5 7. bxa5 bxc5 8. Nf3 cxd4 9. Nxd4 c5 10. Nc2 Qxa5+ 11. Bd2 Qa6 12. 0-0 Bd7 13. Re1 Bc6 14. e3 0-0 15. Nc3 Rd8 16. Bf1 Qc8 17. a4 d4 18. exd4 cxd4 19. Nb5 Bc5 20. Bf4 Qd7 21. Qd3 Qd5 22. f3 Qxf3 23. Qxf3 Bxf3 24. Kf2 Be4 25. Ncxd4 Nc6 26. Be3 Nxd4 27. Bxd4 Rxd4 28. Nxd4 Bxd4+ 29. Ke2 Bxa1 30. Rxa1 Bc6 31. a5 Bb5+ 32. Ke1 Bxf1 33. Kxf1 Kf8 34. Ke2 Ke7 35. Kd3 Kd6 36. Kc4 Kc6 37. Kb4 Nd5+ 38. Ka4 e5 39. Rc1+ Kd6 40. Kb5 Nc7+ 41. Kb6 Rb8+ 42. Ka7 Rb2 43. Rf1 f6 44. g4 Rb5 45. a6 Ra5 46. Kb6 Rxa6+ 47. Kb7 Ra4 48. g5 Rb4+ 49. Ka7 Nd5 50. gxf6 gxf6 51. Rg1 Ne7 52. Rg7 Nc6+ 53. Ka6 Kc5 54. Rb7 Ra4# 0-1